Textbook of Pathology / (Record no. 1371)

MARC details
000 -LEADER
Fixed length control field 00493nam a2200205Ia 4500
003 - CONTROL NUMBER IDENTIFIER
Control field IIN
005 - DATE AND TIME OF LATEST TRANSACTION
Control field 20240205132108.0
008 - FIXED-LENGTH DATA ELEMENTS--GENERAL INFORMATION
Fixed length control field 231217s9999 xx 000 0 und d
020 ## - INTERNATIONAL STANDARD BOOK NUMBER / ISBN
Price Rs.2795.00
International Standard Book Number 9789354658945
040 ## - CATALOGING SOURCE
Original cataloging agency IIN
Language of cataloging English
082 ## - DEWEY DECIMAL CLASSIFICATION NUMBER
Classification number 616.07
Book Number MOH
100 1# - MAIN ENTRY--PERSONAL NAME
Personal name Mohan, Harsh
245 1# - TITLE STATEMENT
Title Textbook of Pathology /
Statement of responsibility Harsh Mohan
250 ## - EDITION STATEMENT
Edition statement 9th ed
260 ## - IMPRINT
Name of publisher Jaypee
Place of publication New Delhi
Date of publication 2023
300 ## - PHYSICAL DESCRIPTION
Page / Vol. No xiv, 969p.
650 1# - SUBJECT ADDED ENTRY--TOPICAL TERM
Topical term Pathology
653 ## - INDEX TERM--UNCONTROLLED
Uncontrolled term Patho
942 ## - ADDED ENTRY ELEMENTS (KOHA)
Koha item type Books
Holdings
Withdrawn status Lost status Damaged status Not for loan Collection code Home library Current library Date acquired Price Total Checkouts Call number Accession number Date last seen Price effective from Koha item type
          IDEAL INSTITUTE OF NURSING IDEAL INSTITUTE OF NURSING 17/12/2023 2795.00   616.07 MOH 1365 17/12/2023 17/12/2023 Books
          IDEAL INSTITUTE OF NURSING IDEAL INSTITUTE OF NURSING 17/12/2023 2795.00   616.07 MOH 1366 17/12/2023 17/12/2023 Books
          IDEAL INSTITUTE OF NURSING IDEAL INSTITUTE OF NURSING 17/12/2023 2795.00   616.07 MOH 1367 17/12/2023 17/12/2023 Books
© Ideal Institute Of Nursing, All rights reserved.         Powered by Koha